00883cam a22002534a 45000010008000000030004000080050017000120080041000290100017000700200028000870400018001150420008001330500022001410820016001632450146001792600046003253000026003715040066003976500044004636500044005076500024005517000032005757000022006072629534OSt20241003092732.0990517s2000 ctu b 001 0 eng  a 99016061  a0897897188 (alk. paper) aDLCcDLCdDLC apcc00aLB2324b.U56 200000a378/.0122104aThe university in transformation :bglobal perspectives on the futures of the university /cedited by Sohail Inayatullah and Jennifer Gidley. aWestport, Conn. :bBergin & Garveyc2000. avii, 270 p. ;c25 cm. aIncludes bibliographical references (p. [247]-250) and index. 0aUniversities and collegesxForecasting. 0aEducation, HigherxAims and objectives. 0aEducational change.1 aInayatullah, Sohail,d1958-1 aGidley, Jennifer.